| 000 | 00720nam a22002057a 4500 | ||
|---|---|---|---|
| 999 |
_c17923 _d17923 |
||
| 003 | AR-CdUCM | ||
| 008 | 190510b ||||| |||| 00| 0 spa d | ||
| 040 |
_aMUNICIPALIDAD PROVINCIAL DEL CUSCO _cBIBLIOTECA MUNICIPAL DEL CUSCO |
||
| 082 |
_a781 / _bC31 |
||
| 100 |
_aCarrillo, Julian _938177 |
||
| 245 | _aA través de la técnica musical / | ||
| 260 |
_aMéxico : _bSecretaria de educación publica, |
||
| 300 |
_a322 paginas ; _c19 cm. |
||
| 505 | _aContenido : Sonido -- Sonidos musicales -- Escritura musical -- Resumen -- Modos... | ||
| 650 |
_aArmonía y melodía _938178 |
||
| 650 |
_aAritmética sonora _938179 |
||
| 650 |
_aMelodías musicales _938180 |
||
| 942 |
_2ddc _cLIBROS |
||
| 945 |
_awnts _d2019-05-10 |
||